Detalles MARC
| 000 -LEADER |
| fixed length control field |
01480nam a2200361 a 4500 |
| 001 - CONTROL NUMBER |
| control field |
|
| 003 - CONTROL NUMBER IDENTIFIER |
| control field |
DO-SdBNP |
| 005 - DATE AND TIME OF LATEST TRANSACTION |
| control field |
20220126120408.0 |
| 008 - FIXED-LENGTH DATA ELEMENTS--GENERAL INFORMATION |
| fixed length control field |
101014s2009 dr ac r 001 0dspa d |
| 020 ## - INTERNATIONAL STANDARD BOOK NUMBER |
| International Standard Book Number |
9789945020793 |
| 040 ## - CATALOGING SOURCE |
| Original cataloging agency |
DO-SdBNP |
| Language of cataloging |
spa |
| Transcribing agency |
BPMSU |
| 082 ## - DEWEY DECIMAL CLASSIFICATION NUMBER |
| Classification number |
920.72 |
| Item number |
C343he, 2009 |
| Edition number |
22 |
| 100 ## - MAIN ENTRY--PERSONAL NAME |
| Personal name |
Cassá, Roberto, |
| Dates associated with a name |
1948- |
| 245 10 - TITLE STATEMENT |
| Title |
Heroínas nacionales / |
| Statement of responsibility, etc. |
Roberto Cassá. |
| 250 ## - EDITION STATEMENT |
| Edition statement |
|
| 260 ## - PUBLICATION, DISTRIBUTION, ETC. (IMPRINT) |
| Place of publication, distribution, etc. |
Santo Domingo : |
| Name of publisher, distributor, etc. |
Archivo General de la Nación : |
| -- |
Comisión Permanente de Efemérides Patrias, |
| Date of publication, distribution, etc. |
2009. |
| 300 ## - PHYSICAL DESCRIPTION |
| Extent |
118 p. : |
| Other physical details |
il., retrs. ; |
| Dimensions |
23 cm. |
| 490 0# - SERIES STATEMENT |
| Series statement |
Juvenil |
| Volume/sequential designation |
2 |
| 500 ## - GENERAL NOTE |
| General note |
Incluye índice onomástico. |
| 500 ## - GENERAL NOTE |
| General note |
Incluye datos biográficos del autor en la solapa de la cubierta. |
| 504 ## - BIBLIOGRAPHY, ETC. NOTE |
| Bibliography, etc |
Bibliografía : p. 108 |
| 505 0# - FORMATTED CONTENTS NOTE |
| Miscellaneous information |
Prefacio -- |
| Title |
María Trinidad Sánchez: la heroína de febrero -- |
| -- |
Salomé Ureña de Henríquez: mujer total -- |
| -- |
Minerva Mirabal: la revolucionaria -- |
| Miscellaneous information |
Bibliografía -- |
| -- |
Índice onomástico. |
| 590 ## - LOCAL NOTE (RLIN) |
| Local note |
Inventariado, 2022/VM |
| 600 14 - SUBJECT ADDED ENTRY--PERSONAL NAME |
| Personal name |
Sánchez, María Trinidad |
| Dates associated with a name |
1794-1845 |
| 600 14 - SUBJECT ADDED ENTRY--PERSONAL NAME |
| Personal name |
Ureña de Henríquez, Salomé , |
| Dates associated with a name |
1850-1897 |
| 600 14 - SUBJECT ADDED ENTRY--PERSONAL NAME |
| Personal name |
Mirabal, Minerva |
| Dates associated with a name |
1926-1960 |
| 650 #4 - SUBJECT ADDED ENTRY--TOPICAL TERM |
| Topical term or geographic name as entry element |
Mujeres en la política |
| Geographic subdivision |
República Dominicana |
| 650 #4 - SUBJECT ADDED ENTRY--TOPICAL TERM |
| Topical term or geographic name as entry element |
Mujeres |
| General subdivision |
Historia |
| Geographic subdivision |
República Dominicana |
| 710 2# - ADDED ENTRY--CORPORATE NAME |
| Corporate name or jurisdiction name as entry element |
Archivo General de la Nación (República Dominicana) |
| 710 2# - ADDED ENTRY--CORPORATE NAME |
| Corporate name or jurisdiction name as entry element |
Comisión Permanente de Efemérides Patria (República Dominicana) |
| 910 ## - USER-OPTION DATA (OCLC) |
| User-option data |
VMateo V. |
| 942 ## - ADDED ENTRY ELEMENTS (KOHA) |
| Source of classification or shelving scheme |
Dewey Decimal Classification |
| Koha item type |
Libros |